Music Quiz

Random Music or Billboard Quiz
Score 0/21 Timer 05:00
0 Plays Today
Rank Artist % Correct
2.Justin Bieber
87.3%
3.Miley Cyrus
64.7%
6.Lorde
55.9%
1.One Direction
54.9%
4.Ariana Grande
36.3%
7.Austin Mahone
28.4%
21.Fifth Harmony
18.6%
11.Cher Lloyd
15.7%
9.Cody Simpson
12.7%
10.Emblem3
9.8%
14.Miguelito
8.8%
Rank Artist % Correct
5.Earl Sweatshirt
6.9%
8.Scotty McCreery
5.9%
18.Mindless Behavior
5.9%
17.Martin Garrix
4.9%
12.Chief Keef
3.9%
13.Bridgit Mendler
3.9%
15.Joey Bada$$
3.9%
16.Tori Kelly
3.9%
20.Lee Hi
3.9%
19.Matty B.
2.9%
Remove Ads.
Support Sporcle.
Get the best of Sporcle when you Go Orange. This ad-free experience offers more features, more stats, and more fun while also helping to support Sporcle. Thank you for becoming a member.

You're not logged in!

Compare scores with friends on all Sporcle quizzes.
OR
Log In

Show Comments

Extras

Top Quizzes Today


Score Distribution

Your Account Isn't Verified!

In order to create a playlist on Sporcle, you need to verify the email address you used during registration. Go to your Sporcle Settings to finish the process.

Report this User

Report this user for behavior that violates our Community Guidelines.

Details: